Super pendus - Pays du monde - Statistiques

Statistiques générales
  • Ce quiz a été pris 7 576 fois
  • Le résultat moyen est 53 sur 66
Statistiques - réponses
Réponses % Correct
E
94%
E
94%
E
94%
E
94%
E
94%
E
94%
E
94%
E
94%
E
94%
E
94%
E
94%
E
94%
I
88%
I
88%
I
88%
I
88%
I
88%
I
88%
I
88%
I
88%
I
88%
I
88%
I
88%
I
88%
I
88%
R
86%
R
86%
R
86%
R
86%
N
81%
N
81%
N
81%
U
80%
U
80%
U
80%
U
80%
U
80%
U
80%
L
78%
S
77%
S
77%
S
77%
S
77%
S
77%
S
77%
S
77%
S
77%
T
77%
T
77%
T
77%
B
75%
G
73%
G
73%
P
73%
P
73%
P
73%
P
73%
H
70%
Y
69%
Q
68%
Q
68%
M
58%
X
49%
F
41%
D
38%
J
32%
Aucun quiz correspondant
Distribution des résultats
% des personnes avec chaque résultat
Percentile par nombre de réponses
Votre historique - résultats
Vous n’avez pas pris ce quiz